| 000 | 00714nam a2200253Ia 4500 | ||
|---|---|---|---|
| 003 | OSt | ||
| 005 | 20220927110449.0 | ||
| 006 | a|||||r|||| 00| 0 | ||
| 007 | ta | ||
| 008 | 220926b |||||||| |||| 00| 0 eng d | ||
| 024 | _a103588 | ||
| 037 | _cReports | ||
| 040 |
_aRTL _cRTL _beng |
||
| 041 |
_2eng _aeng |
||
| 082 | _a"X9(KZ31:71).1N48.N5, J8/GD" | ||
| 110 |
_a"Common Wealth, Economic Committee" _9378502 |
||
| 245 | 0 |
_aDairy produce _b A review |
|
| 260 |
_aLondon _c1958 |
||
| 300 |
_a128p _ccm. |
||
| 650 | _aAnimal Husbandry Industry | ||
| 700 |
_a"Common Wealth, Economic Committee" _9378503 |
||
| 942 |
_h"X9(KZ31:71).1N48.N5, J8/GD" _cCC |
||
| 999 |
_c696825 _d696825 |
||